Social psychology of emotion (Record no. 76591)
[ view plain ]
| 000 -LEADER | |
|---|---|
| fixed length control field | 00755nam a2200181 a 4500 |
| 008 - FIXED-LENGTH DATA ELEMENTS--GENERAL INFORMATION | |
| fixed length control field | 170111s2015 ||||||||||||||||| || u |
| 020 ## - INTERNATIONAL STANDARD BOOK NUMBER | |
| International Standard Book Number | 9781446254790 |
| 050 ## - LIBRARY OF CONGRESS CALL NUMBER | |
| Classification number | BF 511 Ell |
| 100 ## - MAIN ENTRY--PERSONAL NAME | |
| Personal name | Ellis, Darren |
| 245 10 - TITLE STATEMENT | |
| Title | Social psychology of emotion |
| Statement of responsibility, etc. | By Darren Ellis [and] Ian Tucker |
| 260 ## - PUBLICATION, DISTRIBUTION, ETC. | |
| Place of publication, distribution, etc. | London |
| Name of publisher, distributor, etc. | SAGE Publications |
| Date of publication, distribution, etc. | 2015 |
| 300 ## - PHYSICAL DESCRIPTION | |
| Extent | ix, 198p. |
| 650 ## - SUBJECT ADDED ENTRY--TOPICAL TERM | |
| Topical term or geographic name entry element | EMOTIONS |
| 650 #0 - SUBJECT ADDED ENTRY--TOPICAL TERM | |
| Topical term or geographic name entry element | SOCIAL PSYCHOLOGY |
| 700 ## - ADDED ENTRY--PERSONAL NAME | |
| Personal name | Tucker, Ian |
| 995 ## - | |
| -- | MAIN LIBRARY OPEN ACCESS |
| -- | 747520 |
| -- | CBU-MAIN LIBRARY (Kitwe) |
| -- | BF 511 Ell |
| -- | 1 |
| -- | AVAILABLE |
| -- | Jan 24, 2017 |
| -- | 747520 |
| -- | Main Library Open Access Collection |
| 995 ## - | |
| -- | MAIN LIBRARY OPEN ACCESS |
| -- | 747521 |
| -- | CBU-MAIN LIBRARY (Kitwe) |
| -- | BF 511 Ell |
| -- | 2 |
| -- | AVAILABLE |
| -- | Jan 24, 2017 |
| -- | 747521 |
| -- | Main Library Open Access Collection |
| 999 ## - | |
| -- | 76591 |
| -- | 76591 |
| Withdrawn status | Lost status | Source of classification or shelving scheme | Damaged status | Not for loan | Permanent Location | Current Location | Shelving location | Date acquired | Total Checkouts | Full call number | Barcode | Date last seen | Copy number | Price effective from | Koha item type | Date last checked out |
|---|---|---|---|---|---|---|---|---|---|---|---|---|---|---|---|---|
| CBU-MAIN LIBRARY, KITWE. | CBU-MAIN LIBRARY, KITWE. | 04/25/2023 | BF 511 Ell | 747520 | 04/25/2023 | 1 | 04/25/2023 | MONOGRAPH | ||||||||
| CBU-MAIN LIBRARY, KITWE. | CBU-MAIN LIBRARY, KITWE. | 04/25/2023 | 1 | BF 511 Ell | 747521 | 05/15/2026 | 2 | 04/25/2023 | MONOGRAPH | 05/12/2026 |